La estética de la razón vital: José Ortega y Gasset.
Gespeichert in:
| 1. Verfasser: | |
|---|---|
| Format: | Buch |
| Sprache: | Spanisch |
| Veröffentlicht: |
Valparaíso, Chile
Universitarias de Valparaíso
1996
|
| Ausgabe: | Primera edición |
| Schlagworte: | |
| Tags: |
Tag hinzufügen
Keine Tags, Fügen Sie den ersten Tag hinzu!
|
MARC
| LEADER | 00000nam a2200000 a 4500 | ||
|---|---|---|---|
| 001 | UCU8203 | ||
| 003 | CL-VaPUC | ||
| 005 | 20250108095049.0 | ||
| 008 | 960719e19960000CL |||||||||||||||||spa|d | ||
| 999 | |c 250694 |d 250692 | ||
| 040 | |c Pontificia Universidad Católica de Valparaíso | ||
| 082 | 0 | 4 | |a 196.1 ZOM 1996 |2 21 |
| 100 | 0 | |a Zomosa Hurtado, Luis Hernán |e autor |9 367530 | |
| 245 | 1 | 3 | |a La estética de la razón vital: José Ortega y Gasset. |
| 250 | |a Primera edición | ||
| 260 | 0 | 3 | |a Valparaíso, Chile |b Universitarias de Valparaíso |c 1996 |
| 300 | |a 158 páginas | ||
| 583 | |a last modification |c 20120606 05:46:18 |k Rodrigo Vera | ||
| 600 | 0 | |a Ortega y Gasset, José, |d 1883-1955 |x Crítica e interpretación |9 878506 | |
| 650 | 0 | |a Fenomenología |9 256519 | |
| 650 | 0 | |a Estética |9 264950 | |
| 650 | 0 | |a Antropología filosófica |9 265842 | |
| 650 | 0 | |a Filosofía española |9 254895 | |
| 650 | 0 | |a Académicos |x Pontificia Universidad Católica de Valparaíso (PUCV) |9 255553 | |
| 942 | |c BK |2 ddc |n 0 | ||
| 945 | |d 19960719 00:00:00 |a rbrito | ||
| 952 | |0 0 |1 0 |2 ddc |4 0 |6 196_100000000000000_ZOM_1996 |7 0 |8 P |9 269149 |a BIBARQ |b BIBARQ |d 2019-11-19 |i 3215199 |o 196.1 ZOM 1996 |p 3215199 |r 2025-01-20 |t 2 |w 2019-11-19 |y BK |k ARQ | ||
| 952 | |0 0 |1 0 |2 ddc |4 0 |6 196_100000000000000_ZOM_1996 |7 0 |8 A |9 269150 |a BIBEDU |b BIBEDU |c ES_NOD |d 2019-11-19 |i 3354059 |o 196.1 ZOM 1996 |p 3354059 |r 2023-08-09 |t 3 |w 2019-11-19 |y BK |k LIT | ||
| 952 | |0 0 |1 0 |2 ddc |4 0 |6 196_100000000000000_ZOM_1996 |7 0 |8 A |9 269151 |a BIBCUR |b BIBCUR |d 2019-11-19 |i 3496805 |o 196.1 ZOM 1996 |p 3496805 |r 2025-04-22 |t 4 |w 2019-11-19 |y BK |k PER | ||
| 952 | |0 0 |1 0 |2 ddc |4 0 |6 196_100000000000000_ZOM_1996 |7 0 |8 X |9 269152 |a FDOBUD |b FDOBUD |d 2019-11-19 |i 1013548 |o 196.1 ZOM 1996 |p 1013548 |r 2019-11-19 |t 1 |w 2019-11-19 |y BK_X |k FHP | ||